Yunancadan Türkçeye Geçen Kelimeler - Statistics

General Stats
  • This quiz has been taken 24 times
  • The average score is 9 of 10
Answer Stats
Türkçede anlamı Kelime % Correct
Sekiz kolu olan, denizlerde yaşayan yumuşakçalar sınıfından bir hayvan. Ahtapot
100%
Genellikle kırmızı renkte olan, yemeklerde ve salatalarda kullanılan sebze. Domates
100%
Bitkilerin daha iyi büyümesi için toprağa karıştırılan doğal veya yapay besin maddesi. Gübre
95%
Gemilerin yük boşaltıp yüklediği, deniz veya nehir kıyısındaki güvenli yer. Liman
95%
Üzerinde yemek yenilen, yazı yazılan veya eşyaların konulduğu mobilya. Masa
95%
Hristiyanların ibadet ettiği ve toplandığı dini yapı. Kilise
91%
Zar ve taşlarla oynanan, iki kişi arasında oynanan klasik masa oyunu. Tavla
91%
Baklagil familyasından, genellikle pişirilerek tüketilen tohum veya sebze. Fasulye
82%
Yahudilerin ibadet ettiği ve toplandığı dini yapı. Sinagog
64%
Denizlerde ve tatlı sularda yaşayan, kabuklu, küçük deniz ürünü. Karides
36%
No matching quizzes found
Score Distribution
Percent of People with Each Score
Percentile by Number Answered
Your Score History
You have not taken this quiz